000
00281nam a2200121Ia 4500
005
20251222152035.0
008
251222s9999||||xx |||||||||||||| ||spa||
082
_a
512.943.4/S11
100
_a
Saal Riqueros, César
245
0
_a
Matrices
264
_b
Editores Gomez
942
_c
LIB
999
_c
25813
_d
25813